[Event "BL 8990 Zehlendorf-Bayern"]
[Site "?"]
[Date "1989.??.??"]
[Round "?.8"]
[White "Von Herman, U."]
[Black "Schlosser, P."]
[Result "0-1"]
[WhiteElo "2245"]
[BlackElo "2475"]
[PlyCount "82"]
[EventDate "1989.??.??"]

1. d4 e6 2. e4 d5 3. Nc3 Nf6 4. Bg5 dxe4 5. Nxe4 Be7 6. Bxf6 gxf6 7. Nf3 b6 8.
Bd3 Bb7 9. Qe2 c6 10. O-O-O Qc7 11. c4 Nd7 12. Kb1 O-O-O 13. d5 Ne5 14. dxe6
fxe6 15. Nxe5 Qxe5 16. g3 Kb8 17. f4 Qc7 18. Nf2 Bc5 19. Be4 Bd4 20. Nd3 Rhe8
21. Rhe1 Rd6 22. Rc1 Red8 23. Rc2 f5 24. Bf3 Bf6 25. Ne5 c5 26. Bxb7 Qxb7 27.
a3 Rd4 28. Qf3 Re4 29. Rd1 Rxd1+ 30. Qxd1 Bxe5 31. fxe5 Rd4 32. Qh5 Qd7 33. Ka2
Kb7 34. Qh6 Ka6 35. Qf8 Rd3 36. Rc1 Rd2 37. Rc3 Rxh2 38. a4 Kb7 39. Ra3 a5 40.
Qf6 Rc2 41. Qh4 Rc1 0-1

[Event "BL 8990 Lasker-München 36"]
[Site "?"]
[Date "1989.??.??"]
[Round "?.1"]
[White "Smejkal, J."]
[Black "Brunner, L."]
[Result "1/2-1/2"]
[WhiteElo "2545"]
[BlackElo "2505"]
[PlyCount "34"]
[EventDate "1989.??.??"]

1. c4 e6 2. Nf3 d5 3. d4 c5 4. cxd5 exd5 5. g3 Nf6 6. Bg2 Be7 7. O-O O-O 8. Nc3
Nc6 9. dxc5 Bxc5 10. Bg5 d4 11. Bxf6 Qxf6 12. Nd5 Qd8 13. Nd2 Re8 14. Rc1 Bb6
15. Nf4 Bg4 16. h3 Bf5 17. Re1 Qd7 1/2-1/2

[Event "BL 8990 Lasker-München 36"]
[Site "?"]
[Date "1989.??.??"]
[Round "?.2"]
[White "Fries Nielsen, J."]
[Black "Ftacnik, L."]
[Result "1/2-1/2"]
[WhiteElo "2425"]
[BlackElo "2550"]
[PlyCount "43"]
[EventDate "1989.??.??"]

1. d4 Nf6 2. Nf3 g6 3. g3 Bg7 4. Bg2 O-O 5. O-O d5 6. Nbd2 Na6 7. c4 c5 8. cxd5
Nxd5 9. dxc5 Nxc5 10. Nb3 Na4 11. Nbd4 Ndb6 12. b3 Nc3 13. Qc2 Nb5 14. e3 Bg4
15. Bb2 Rc8 16. Qe4 Bxf3 17. Bxf3 Nd6 18. Qb1 e5 19. Ne2 Qe7 20. Bg2 f5 21. Rd1
Rfd8 22. a4 1/2-1/2

[Event "BL 8990 Lasker-München 36"]
[Site "?"]
[Date "1989.??.??"]
[Round "?.3"]
[White "Bastian, H."]
[Black "Muse, M."]
[Result "1-0"]
[WhiteElo "2340"]
[BlackElo "2415"]
[PlyCount "45"]
[EventDate "1989.??.??"]

1. e4 g6 2. d4 Bg7 3. c3 d6 4. Nf3 Nf6 5. Bd3 O-O 6. O-O c5 7. Re1 Nc6 8. d5
Nb8 9. a4 e6 10. dxe6 Bxe6 11. Ng5 Bd7 12. Bc4 Bc6 13. e5 d5 14. Ba2 Ne4 15. e6
fxe6 16. Rxe4 dxe4 17. Bxe6+ Kh8 18. Qxd8 Rxd8 19. Nf7+ Kg8 20. Nxd8+ Kf8 21.
Nxc6 Nxc6 22. Be3 b6 23. Nd2 1-0

[Event "BL 8990 Lasker-München 36"]
[Site "?"]
[Date "1989.??.??"]
[Round "?.4"]
[White "Lehmann, K."]
[Black "Pichler, J."]
[Result "1/2-1/2"]
[WhiteElo "2305"]
[BlackElo "2325"]
[PlyCount "157"]
[EventDate "1989.??.??"]

1. e4 c5 2. c3 e6 3. d4 d5 4. exd5 exd5 5. Nf3 Nf6 6. Bb5+ Nc6 7. Ne5 Qc7 8.
Qa4 Bd7 9. Nxd7 Nxd7 10. O-O Be7 11. Re1 Nb6 12. Qd1 O-O 13. Bf1 Rfe8 14. Be3
cxd4 15. cxd4 Bf6 16. Be2 Re7 17. Nc3 Rae8 18. Qd2 Qd7 19. b3 h6 20. h3 a6 21.
Bg4 Qd6 22. Re2 Qb4 23. Rd1 Rd8 24. Bf3 Rc7 25. Nb1 a5 26. Kh2 Rcc8 27. Qd3 a4
28. g3 axb3 29. axb3 Re8 30. Rc2 Qd6 31. Rc3 Ra8 32. Rc5 Rxe3 33. Qxe3 Nxd4 34.
Rcc1 Qe5 35. Kg2 Qxe3 36. fxe3 Nxb3 37. Rc2 Nc4 38. Kf2 Bg5 39. Re2 b5 40. Bxd5
Re8 41. e4 Bf6 42. Ra2 Nc5 43. Ra8 Rxa8 44. Bxa8 b4 45. Bd5 Na3 46. Nxa3 bxa3
47. Ke3 Kf8 48. Bc4 Na4 49. Rd6 Be7 50. Ra6 Nb6 51. Bb3 Bc5+ 52. Kf4 Nd7 53.
Ba2 Ke7 54. h4 h5 55. Ra5 g6 56. e5 Bb6 57. Rb5 Bc7 58. Ke4 Bb6 59. Rd5 f5+ 60.
Kf4 Bc7 61. Rb5 Ke8 62. Kg5 Nxe5 63. Kf6 f4 64. gxf4 Nd3 65. Kxg6 Nxf4+ 66. Kg5
Ng2 67. Kxh5 Bd8 68. Rb7 Nxh4 69. Ra7 Be7 70. Be6 Nf3 71. Kg6 Nd4 72. Ra8+ Bd8
73. Bc4 Ke7 74. Rxa3 Kd6 75. Ra8 Bb6 76. Kf6 Nc6 77. Ra6 Bd8+ 78. Kf5 Kc5 79.
Bf1 1/2-1/2

[Event "BL 8990 Lasker-München 36"]
[Site "?"]
[Date "1989.??.??"]
[Round "?.5"]
[White "Goetz, R."]
[Black "Junge, R."]
[Result "1-0"]
[WhiteElo "2315"]
[BlackElo "2360"]
[PlyCount "67"]
[EventDate "1989.??.??"]

1. Nf3 Nf6 2. c4 c5 3. Nc3 d5 4. cxd5 Nxd5 5. e3 Nxc3 6. bxc3 g6 7. d4 Bg7 8.
Bd3 Qa5 9. Bd2 O-O 10. Qb3 Qc7 11. Rb1 Nc6 12. Qb5 b6 13. dxc5 Bd7 14. cxb6
axb6 15. Qb2 Qd6 16. Bb5 Ra3 17. O-O Rfa8 18. Ra1 Qd5 19. Rfd1 Rxa2 20. Rxa2
Rxa2 21. Qb1 Ra7 22. e4 Qe6 23. h3 h6 24. Qd3 Kh7 25. Bc4 Qf6 26. Qe3 Na5 27.
Bd5 e6 28. Qxb6 exd5 29. Qxa7 dxe4 30. Nd4 Ba4 31. Re1 Nc4 32. Qxa4 Nxd2 33.
Qa2 e3 34. Rxe3 1-0

[Event "BL 8990 Lasker-München 36"]
[Site "?"]
[Date "1989.??.??"]
[Round "?.8"]
[White "Paulsen, D."]
[Black "Koepf, U."]
[Result "1-0"]
[WhiteElo "2295"]
[BlackElo "2260"]
[PlyCount "49"]
[EventDate "1989.??.??"]

1. d4 Nf6 2. c4 e6 3. Nf3 b6 4. a3 Bb7 5. Nc3 d5 6. cxd5 Nxd5 7. Qc2 Nxc3 8.
Qxc3 Nd7 9. Bg5 Nf6 10. Rc1 c6 11. Bxf6 gxf6 12. e3 Rg8 13. Bd3 Rc8 14. O-O Qd5
15. Be2 Bd6 16. Rfd1 Qh5 17. g3 Qf5 18. b4 h5 19. Qd3 Qh3 20. Qh7 Ke7 21. Ne5
Rcf8 22. Nxf7 Rxf7 23. Qxg8 Qf5 24. e4 Qxe4 25. Bxh5 1-0

[Event "BL 8990 Delmenhorst-Heidelberg"]
[Site "?"]
[Date "1989.??.??"]
[Round "?.1"]
[White "Ostl, A."]
[Black "Armas, I."]
[Result "1-0"]
[WhiteElo "2335"]
[BlackElo "2480"]
[PlyCount "127"]
[EventDate "1989.??.??"]

1. Nf3 Nf6 2. c4 c5 3. b3 d5 4. cxd5 Nxd5 5. Bb2 Nc6 6. a3 f6 7. d4 cxd4 8.
Nxd4 Nxd4 9. Qxd4 e5 10. Qd3 Be6 11. e3 Be7 12. Be2 O-O 13. O-O Nb6 14. Qc2 Rc8
15. Nc3 Qe8 16. Rac1 Qf7 17. b4 Nc4 18. Rfd1 e4 19. Bxc4 Rxc4 20. Qd2 Bg4 21.
Ne2 f5 22. h3 Bh5 23. Re1 Bxe2 24. Qxe2 Rxc1 25. Rxc1 Bd6 26. Rd1 Bc7 27. Bd4
a6 28. b5 axb5 29. Qxb5 f4 30. Bc5 fxe3 31. Bxe3 Rd8 32. Rxd8+ Bxd8 33. Qe5 h6
34. Qxe4 Bf6 35. a4 Qd7 36. g4 Qd1+ 37. Kg2 Qb3 38. Kg3 Qd1 39. h4 Qd6+ 40. Kg2
Qd7 41. g5 hxg5 42. hxg5 Ba1 43. g6 Bf6 44. f3 Kh8 45. Qf4 Qd8 46. Qg4 Kg8 47.
Qe6+ Kh8 48. Kh3 Qb8 49. Bc5 Bg5 50. Qf7 b6 51. Qf8+ Qxf8 52. Bxf8 Kg8 53. Bd6
Be3 54. Kg4 Bd4 55. Kf5 Be3 56. Ke4 Bd2 57. Kd5 Be3 58. Kc6 Bd4 59. Bc7 Kf8 60.
Bxb6 Bc3 61. Bc5+ Ke8 62. Kd6 Ba5 63. Ke6 Bc3 64. Bb6 1-0

[Event "BL 8990 Delmenhorst-Heidelberg"]
[Site "?"]
[Date "1989.??.??"]
[Round "?.2"]
[White "Hermann, Man"]
[Black "Mack, P."]
[Result "1-0"]
[WhiteElo "2360"]
[BlackElo "2305"]
[PlyCount "67"]
[EventDate "1989.??.??"]

1. e4 e6 2. d4 d5 3. Nc3 Bb4 4. e5 b6 5. a3 Bf8 6. Nf3 Qd7 7. Bb5 c6 8. Ba4 a5
9. O-O Ba6 10. Re1 Ne7 11. Ne2 Qc7 12. Nf4 h6 13. c3 Nd7 14. h4 g6 15. Nh2 Bg7
16. Bc2 c5 17. Be3 cxd4 18. cxd4 Qb7 19. Rc1 Rc8 20. Qg4 h5 21. Qg3 Nb8 22. Nf3
O-O 23. Ng5 Rc6 24. Qf3 Qd7 25. Bb1 Rxc1 26. Rxc1 Bh6 27. Nxh5 gxh5 28. Nh7
Bxe3 29. Nf6+ Kg7 30. Nxh5+ Kg8 31. Nf6+ Kg7 32. Qxe3 Qd8 33. Nh5+ Kg8 34. Qh6
1-0

[Event "BL 8990 Delmenhorst-Heidelberg"]
[Site "?"]
[Date "1989.??.??"]
[Round "?.3"]
[White "Steinbacher, M."]
[Black "Borik, O."]
[Result "0-1"]
[WhiteElo "2325"]
[BlackElo "2355"]
[PlyCount "104"]
[EventDate "1989.??.??"]

1. c4 Nf6 2. Nc3 g6 3. g3 Bg7 4. Bg2 O-O 5. Nf3 d6 6. O-O c6 7. d3 e5 8. c5 Na6
9. cxd6 Qxd6 10. Qa4 Re8 11. Rd1 Qb4 12. Qc2 Qe7 13. a3 Nc5 14. b4 e4 15. bxc5
exf3 16. Bxf3 Qxc5 17. d4 Qc4 18. e4 Bg4 19. Bxg4 Nxg4 20. Bb2 Rad8 21. Qa4
Qxa4 22. Nxa4 Rxe4 23. f3 Rexd4 24. Bxd4 Bxd4+ 25. Rxd4 Rxd4 26. Nc5 b6 27.
fxg4 bxc5 28. g5 Kf8 29. Rc1 c4 30. Kf2 Ke7 31. Ke3 Rd3+ 32. Ke4 Rxa3 33. Rxc4
Kd6 34. Rc2 Ra4+ 35. Kd3 Ra5 36. Rf2 Rf5 37. Ra2 a5 38. h4 Rf3+ 39. Ke4 Rxg3
40. Kf4 Rb3 41. Rxa5 Rb4+ 42. Kg3 Rb5 43. Ra8 Rf5 44. Kg4 c5 45. Rc8 Kd5 46.
Rh8 c4 47. h5 Kd4 48. Rxh7 c3 49. Rh8 c2 50. Rd8+ Rd5 51. Rc8 Rc5 52. Rd8+ Kc3
0-1

[Event "BL 8990 Delmenhorst-Heidelberg"]
[Site "?"]
[Date "1989.??.??"]
[Round "?.4"]
[White "Schlemermeyer, W."]
[Black "Neurohr, S."]
[Result "1/2-1/2"]
[WhiteElo "2385"]
[BlackElo "2325"]
[PlyCount "47"]
[EventDate "1989.??.??"]

1. Nf3 Nf6 2. c4 g6 3. g3 Bg7 4. Bg2 O-O 5. O-O d6 6. Nc3 Nc6 7. d4 a6 8. d5
Na5 9. Nd2 c5 10. Qc2 Rb8 11. b3 b5 12. Bb2 bxc4 13. bxc4 Bh6 14. f4 e5 15.
dxe6 Bxe6 16. Nd5 Rxb2 17. Qxb2 Bg7 18. Qc1 Bxd5 19. cxd5 Ng4 20. Rb1 Ne3 21.
Re1 Re8 22. Bf3 g5 23. fxg5 Qxg5 24. Qa3 1/2-1/2

[Event "BL 8990 Delmenhorst-Heidelberg"]
[Site "?"]
[Date "1989.??.??"]
[Round "?.5"]
[White "Grathwohl, R."]
[Black "Wesseln, K."]
[Result "1-0"]
[WhiteElo "2360"]
[BlackElo "2315"]
[PlyCount "69"]
[EventDate "1989.??.??"]

1. Nf3 Nf6 2. b3 g6 3. Bb2 Bg7 4. e3 O-O 5. Be2 d6 6. d4 Nbd7 7. c4 e5 8. dxe5
Ng4 9. h3 Ngxe5 10. Nc3 Nxf3+ 11. Bxf3 Ne5 12. Be2 Re8 13. O-O Rb8 14. Qd2 Qh4
15. f4 Nd7 16. Bf3 Nc5 17. Nd5 Qd8 18. Bxg7 Kxg7 19. b4 Ne6 20. Qb2+ f6 21. f5
gxf5 22. Bh5 c6 23. Bxe8 cxd5 24. cxd5 Ng5 25. Bh5 Qe7 26. Qd4 Bd7 27. h4 Ne4
28. Bf3 Ng3 29. Rfc1 Rg8 30. Rc7 Kh8 31. Rac1 Qg7 32. R1c2 Re8 33. Qf4 Re5 34.
Rc8+ Be8 35. Qxe5 1-0

[Event "BL 8990 Delmenhorst-Heidelberg"]
[Site "?"]
[Date "1989.??.??"]
[Round "?.6"]
[White "Breutigam, M."]
[Black "Pirrot, D."]
[Result "0-1"]
[WhiteElo "2320"]
[BlackElo "2355"]
[PlyCount "80"]
[EventDate "1989.??.??"]

1. d4 Nf6 2. c3 g6 3. Bg5 Bg7 4. Nd2 d6 5. Ngf3 O-O 6. e4 c5 7. dxc5 dxc5 8.
Bc4 Nc6 9. O-O Qc7 10. Re1 Nh5 11. Qc2 b6 12. Rad1 h6 13. Be3 e6 14. Bf1 Bb7
15. Nc4 Rad8 16. Qc1 Kh7 17. a4 f5 18. exf5 exf5 19. Rxd8 Rxd8 20. Be2 Qf7 21.
Rd1 Qe6 22. Rxd8 Nxd8 23. Qd1 Nf7 24. Na3 Nf6 25. Bc4 Qe7 26. Nb5 a6 27. Bxf7
Qxf7 28. Nd6 Bxf3 29. Qxf3 Qd7 30. Bf4 Qxa4 31. h3 Qa1+ 32. Kh2 Qxb2 33. g4
fxg4 34. hxg4 a5 35. Kg2 Qb3 36. g5 hxg5 37. Bxg5 Qd5 38. Qxd5 Nxd5 39. c4 Nc3
40. Bd8 a4 0-1

[Event "BL 8990 Delmenhorst-Heidelberg"]
[Site "?"]
[Date "1989.??.??"]
[Round "?.7"]
[White "Zuse, P."]
[Black "Derikum, A."]
[Result "0-1"]
[WhiteElo "2305"]
[BlackElo "2285"]
[PlyCount "82"]
[EventDate "1989.??.??"]

1. e4 c6 2. d4 d5 3. Nc3 dxe4 4. Nxe4 Nf6 5. Nxf6+ gxf6 6. Nf3 Bf5 7. Be2 Qc7
8. O-O Nd7 9. Be3 O-O-O 10. c4 e6 11. Qa4 Kb8 12. b4 Rg8 13. Kh1 Nb6 14. Qb3
Be4 15. a4 Nc8 16. a5 Bd6 17. g3 Qe7 18. Kg1 e5 19. dxe5 fxe5 20. Nd2 Bf5 21.
c5 Bc7 22. b5 cxb5 23. Bxb5 Qe6 24. Qb4 a6 25. Be2 Na7 26. Nc4 Nc6 27. Qb2 Nd4
28. Bxd4 Rxd4 29. Ne3 Bd3 30. Bf3 Be4 31. Bxe4 Rxe4 32. Rfb1 Qc6 33. Nf5 Re8
34. Qb3 Re6 35. Ng7 Re7 36. Nf5 Rd7 37. Nh6 Rd5 38. Nxf7 Rxc5 39. Ng5 Rec4 40.
Nxh7 Bxa5 41. h4 Bc3 0-1

[Event "BL 8990 Delmenhorst-Heidelberg"]
[Site "?"]
[Date "1989.??.??"]
[Round "?.8"]
[White "Ditt, E."]
[Black "Neunhoeffer, H."]
[Result "1/2-1/2"]
[WhiteElo "2310"]
[BlackElo "2265"]
[PlyCount "91"]
[EventDate "1989.??.??"]

1. c4 Nf6 2. Nc3 e6 3. e4 d5 4. e5 Ne4 5. Nf3 Be7 6. Bd3 Nc5 7. Bb1 dxc4 8. O-O
b6 9. b3 Ba6 10. b4 Nd3 11. Qa4+ c6 12. b5 cxb5 13. Nxb5 O-O 14. Qxc4 Nxc1 15.
Rxc1 Nd7 16. Be4 Rc8 17. Qa4 Bxb5 18. Qxb5 Nc5 19. Bc2 a6 20. Qe2 b5 21. d4 Nd7
22. Qe4 g6 23. Bb3 Ba3 24. Rc6 Nb6 25. h4 a5 26. h5 a4 27. Bc2 Nd5 28. Rxc8
Qxc8 29. hxg6 fxg6 30. Qg4 Rf4 31. Qh3 Be7 32. Rf1 Rf7 33. Be4 Nf4 34. Qh6 Qd8
35. Rd1 Bf8 36. Qg5 Qxg5 37. Nxg5 Rd7 38. Kf1 Be7 39. Nf3 Rc7 40. Rb1 b4 41.
Ne1 Rc4 42. Bc2 Rxd4 43. Nf3 Rc4 44. Bxa4 Kf7 45. Bb3 Rc3 46. Nd4 1/2-1/2

[Event "BL 8990 HSK-Hofheim"]
[Site "?"]
[Date "1989.??.??"]
[Round "?.1"]
[White "Zude, A."]
[Black "Wahls, M."]
[Result "1/2-1/2"]
[WhiteElo "2325"]
[BlackElo "2535"]
[PlyCount "83"]
[EventDate "1989.??.??"]

1. e4 e5 2. Nf3 Nc6 3. Bb5 a6 4. Bxc6 dxc6 5. O-O Bd6 6. d4 exd4 7. Qxd4 f6 8.
Nbd2 Be6 9. Nb3 Ne7 10. Nc5 Bc8 11. Qc4 Ng6 12. e5 Bxe5 13. Nxe5 fxe5 14. f4
Qd5 15. Qxd5 cxd5 16. fxe5 b6 17. Nd3 Bg4 18. Nf4 Ne7 19. h3 Bd7 20. Nh5 Rg8
21. Bg5 Ng6 22. c4 d4 23. b4 Be6 24. c5 Bc4 25. Rfe1 h6 26. Bd2 Kf7 27. Re4
Rad8 28. Bc3 bxc5 29. bxc5 dxc3 30. Rxc4 Rd3 31. Rc1 Nxe5 32. R4xc3 Rgd8 33.
Rf1+ Kg8 34. Rxd3 Nxd3 35. Nf4 Nxc5 36. Rc1 g5 37. Rxc5 gxf4 38. Rxc7 Rd1+ 39.
Kf2 Rd2+ 40. Kf3 Rxa2 41. Ra7 Ra4 42. Kg4 1/2-1/2

[Event "BL 8990 HSK-Hofheim"]
[Site "?"]
[Date "1989.??.??"]
[Round "?.2"]
[White "Maus, So"]
[Black "Buchal, S."]
[Result "1-0"]
[WhiteElo "2395"]
[BlackElo "2335"]
[PlyCount "78"]
[EventDate "1989.??.??"]

1. e4 g6 2. d4 Bg7 3. Nc3 d6 4. f4 Nf6 5. Nf3 c5 6. Bb5+ Bd7 7. e5 Ng4 8. e6
Bxb5 9. exf7+ Kd7 10. Nxb5 Qa5+ 11. Nc3 cxd4 12. Nxd4 Bxd4 13. Qxd4 Nc6 14. Qc4
Qb6 15. Qe2 h5 16. h3 Nh6 17. Bd2 Nf5 18. O-O-O Ng3 19. Qd3 Nxh1 20. Rxh1 Raf8
21. Qxg6 Qa5 22. Be3 h4 23. f5 Qe5 24. Bh6 Rxh6 25. Qxh6 Rxf7 26. Qxh4 Rxf5 27.
Re1 Qc5 28. Qe4 Re5 29. Qg4+ Kc7 30. Rd1 b5 31. a4 a6 32. Qf3 bxa4 33. Nxa4 Qb4
34. Nc3 Qc4 35. Qf1 Na5 36. Qf2 Qc6 37. g4 Kb7 38. Qd4 Nc4 39. b3 Nb6 {ZÜ} 1-0

[Event "BL 8990 HSK-Hofheim"]
[Site "?"]
[Date "1989.??.??"]
[Round "?.3"]
[White "Troltenier, D."]
[Black "Reefschlaeger, H."]
[Result "1/2-1/2"]
[WhiteElo "2300"]
[BlackElo "2395"]
[PlyCount "49"]
[EventDate "1989.??.??"]

1. e4 e5 2. Nf3 Nc6 3. Bb5 a6 4. Ba4 d6 5. c3 Bd7 6. d4 Nge7 7. Bb3 h6 8. O-O
Ng6 9. Ne1 Be7 10. f4 exf4 11. Nd3 O-O 12. Nxf4 Nxf4 13. Bxf4 Na5 14. Bc2 Bg5
15. Nd2 b5 16. b4 Nc6 17. Qf3 a5 18. bxa5 Nxa5 19. Qd3 g6 20. Qe3 Nc4 21. Nxc4
bxc4 22. a4 Ra5 23. Qe2 Bxf4 24. Rxf4 Qg5 25. Rf2 1/2-1/2

[Event "BL 8990 HSK-Hofheim"]
[Site "?"]
[Date "1989.??.??"]
[Round "?.4"]
[White "Wegner, H."]
[Black "Schmitzer, K."]
[Result "1/2-1/2"]
[WhiteElo "2365"]
[BlackElo "2305"]
[PlyCount "39"]
[EventDate "1989.??.??"]

1. c4 Nf6 2. g3 e5 3. Bg2 c6 4. d4 e4 5. Nc3 d5 6. cxd5 cxd5 7. Bg5 Be7 8. e3
Nbd7 9. Nge2 O-O 10. O-O b6 11. f3 Bb7 12. Nf4 h6 13. Bxf6 Nxf6 14. fxe4 dxe4
15. Qb1 Re8 16. Nxe4 Bxe4 17. Bxe4 Nxe4 18. Qxe4 Bf6 19. Qf5 Rxe3 20. Nd5
1/2-1/2

[Event "BL 8990 HSK-Hofheim"]
[Site "?"]
[Date "1989.??.??"]
[Round "?.5"]
[White "Zude, E."]
[Black "Michaelsen, N."]
[Result "0-1"]
[WhiteElo "2325"]
[BlackElo "2345"]
[PlyCount "79"]
[EventDate "1989.??.??"]

1. e4 e5 2. Nf3 Nf6 3. Nxe5 d6 4. Nf3 Nxe4 5. d4 d5 6. Bd3 Bd6 7. O-O O-O 8. c4
c6 9. cxd5 cxd5 10. Nc3 Nxc3 11. bxc3 Nc6 12. Re1 Bg4 13. h3 Bh5 14. Rb1 b6 15.
Qa4 Qc7 16. Nh4 Ne7 17. Qc2 Bg6 18. Nxg6 Nxg6 19. Ba6 Rad8 20. Bd2 Bf4 21. Re2
Qc6 22. g3 Bxd2 23. Qxd2 Qf6 24. Qd3 Ne7 25. Rbe1 Nc6 26. Kg2 Na5 27. Qf3 Qc6
28. Bd3 g6 29. Bb1 Rc8 30. Re3 Nc4 31. Rd3 Rfe8 32. Rxe8+ Rxe8 33. Qd1 Nb2 34.
Qb3 Nxd3 35. Bxd3 Rc8 36. Ba6 Rd8 37. Bb5 Qe6 38. Bd3 Rc8 39. a4 Qc6 40. Ba6 {
ZÜ} 0-1

[Event "BL 8990 Heidelberg-HSK"]
[Site "?"]
[Date "1989.??.??"]
[Round "?.1"]
[White "Wahls, M."]
[Black "Ostl, A."]
[Result "1-0"]
[WhiteElo "2535"]
[BlackElo "2335"]
[PlyCount "31"]
[EventDate "1989.??.??"]

1. e4 Nf6 2. e5 Nd5 3. d4 d6 4. Nf3 Bg4 5. Be2 e6 6. O-O Nc6 7. c4 Nb6 8. exd6
cxd6 9. d5 exd5 10. cxd5 Bxf3 11. gxf3 Ne5 12. Bb5+ Nbd7 13. f4 Ng6 14. f5 Nge5
15. Qe2 a6 16. Bxd7+ 1-0

[Event "BL 8990 Heidelberg-HSK"]
[Site "?"]
[Date "1989.??.??"]
[Round "?.2"]
[White "Mack, P."]
[Black "Maus, So"]
[Result "1/2-1/2"]
[WhiteElo "2305"]
[BlackElo "2395"]
[PlyCount "80"]
[EventDate "1989.??.??"]

1. Nf3 g6 2. c4 Bg7 3. Nc3 d6 4. g3 Nf6 5. Bg2 O-O 6. O-O c6 7. d4 Qa5 8. h3
Be6 9. Nd2 Na6 10. e4 Qb6 11. d5 Bd7 12. a3 Nc5 13. Qe2 a5 14. Nf3 cxd5 15.
cxd5 Qa6 16. Qxa6 Rxa6 17. e5 Ne8 18. Bg5 f6 19. e6 fxg5 20. exd7 Nxd7 21. Nxg5
Rb6 22. Ne6 Rf7 23. Na4 Rb3 24. Rac1 Nf8 25. Nxg7 Nxg7 26. Rc3 Rxc3 27. Nxc3
Nd7 28. Ne4 b6 29. b4 axb4 30. axb4 Rf8 31. Rc1 h6 32. Rc7 Rd8 33. Bf1 Kf8 34.
Rb7 Nf5 35. Bb5 Ne5 36. Rxb6 Ra8 37. Ba6 Nd4 38. b5 Nd7 39. Rb7 Nb8 40. Rb6 Nd7
1/2-1/2

[Event "BL 8990 Heidelberg-HSK"]
[Site "?"]
[Date "1989.??.??"]
[Round "?.3"]
[White "Reefschlaeger, H."]
[Black "Steinbacher, M."]
[Result "0-1"]
[WhiteElo "2395"]
[BlackElo "2325"]
[PlyCount "80"]
[EventDate "1989.??.??"]

1. e4 Nf6 2. Nc3 d5 3. e5 d4 4. exf6 dxc3 5. fxg7 cxd2+ 6. Qxd2 Qxd2+ 7. Bxd2
Bxg7 8. O-O-O Nc6 9. Ne2 Bd7 10. Ng3 O-O-O 11. Be2 Be6 12. a3 Nd4 13. Bh5 Rd5
14. Be3 a5 15. h3 Rhd8 16. Bg4 R8d6 17. Ne4 Rc6 18. Bxd4 Rxd4 19. Rxd4 Bxd4 20.
Rd1 Be5 21. Rd5 Bf4+ 22. Kb1 b6 23. g3 Bxg4 24. hxg4 Re6 25. f3 Be5 26. Ng5 c6
27. Rd1 Rg6 28. Nxf7 Bxg3 29. Rh1 Rg7 30. Nh6 e6 31. Rh5 Bf4 32. c4 Kd7 33. b4
a4 34. Kc2 Ke7 35. b5 cxb5 36. cxb5 Rg6 37. Nf5+ exf5 38. Rxh7+ Kd6 39. Ra7
fxg4 40. Rxa4 g3 0-1

[Event "BL 8990 Heidelberg-HSK"]
[Site "?"]
[Date "1989.??.??"]
[Round "?.5"]
[White "Michaelsen, N."]
[Black "Grathwohl, R."]
[Result "1-0"]
[WhiteElo "2345"]
[BlackElo "2360"]
[PlyCount "67"]
[EventDate "1989.??.??"]

1. d4 e6 2. c4 Nf6 3. Nc3 Bb4 4. Qc2 c5 5. dxc5 Na6 6. a3 Bxc3+ 7. Qxc3 Nxc5 8.
f3 d6 9. e4 b6 10. b4 Ncd7 11. Bf4 Qc7 12. Rd1 e5 13. Be3 O-O 14. Qd2 Ne8 15.
Bd3 Ba6 16. Rc1 Qb8 17. Ne2 b5 18. O-O bxc4 19. Bxc4 Bxc4 20. Rxc4 Qb5 21. Rc2
Qa6 22. Rc3 Rd8 23. Rd1 Nb6 24. Kh1 h6 25. Ng3 Nf6 26. Bxh6 Nh7 27. Nf5 d5 28.
Bxg7 dxe4 29. Qxd8 Rxd8 30. Rxd8+ Nf8 31. Rxf8+ Kh7 32. Rh8+ Kg6 33. Rc6+ Kg5
34. Bh6+ 1-0

[Event "BL 8990 Heidelberg-HSK"]
[Site "?"]
[Date "1989.??.??"]
[Round "?.6"]
[White "Pirrot, D."]
[Black "Mueller, Ka"]
[Result "1/2-1/2"]
[WhiteElo "2355"]
[BlackElo "2365"]
[PlyCount "126"]
[EventDate "1989.??.??"]

1. e4 e6 2. d4 d5 3. e5 c5 4. c3 Nc6 5. Nf3 Qb6 6. Bd3 cxd4 7. cxd4 Bd7 8. O-O
Nxd4 9. Nxd4 Qxd4 10. Nc3 a6 11. Qe2 Ne7 12. Kh1 Nc6 13. f4 Nb4 14. Rd1 Nxd3
15. Rxd3 Qb6 16. Be3 Bc5 17. Bxc5 Qxc5 18. f5 Bc6 19. Qg4 O-O-O 20. fxe6 fxe6
21. Ne2 Kb8 22. Nd4 Rc8 23. h3 Qe7 24. Rf3 Bd7 25. Rb3 Rc4 26. Rd3 Rhc8 27.
Rad1 Rc1 28. Qf4 Rxd1+ 29. Rxd1 Qf8 30. Qe3 Qb4 31. Rd2 Qc4 32. a3 Rf8 33. Kh2
Qc1 34. Re2 Qxe3 35. Rxe3 Rf2 36. Re2 Rf4 37. Nf3 h6 38. Kg3 Rc4 39. Rd2 Kc7
40. Nd4 Kd8 41. Kf2 Ke7 42. Ke3 Bc6 43. Rf2 Rc1 44. Kd2 Rb1 45. Ke3 Bb5 46. Nf3
Be8 47. g4 Bg6 48. h4 h5 49. Rg2 Be4 50. gxh5 Kf8 51. Rf2 Bxf3 52. Rxf3+ Kg8
53. Rg3 Rxb2 54. Kd4 Kf7 55. Rf3+ Ke8 56. Rg3 Rc2 57. Rxg7 Rc4+ 58. Kd3 Rxh4
59. Rh7 b6 60. h6 Kf8 61. Rb7 Rxh6 62. Rxb6 a5 63. Kd4 Kf7 1/2-1/2

[Event "BL 8990 Hofheim-Delmenhorst"]
[Site "?"]
[Date "1989.??.??"]
[Round "?.1"]
[White "Armas, I."]
[Black "Zude, A."]
[Result "1/2-1/2"]
[WhiteElo "2480"]
[BlackElo "2325"]
[PlyCount "82"]
[EventDate "1989.??.??"]

1. e4 e5 2. Nf3 Nc6 3. Bc4 Bc5 4. c3 Nf6 5. b4 Bb6 6. d3 d6 7. a4 a6 8. O-O O-O
9. Re1 h6 10. Nbd2 Kh8 11. Nf1 Ng4 12. Ra2 f5 13. h3 fxe4 14. dxe4 Nf6 15. Ng3
Nh7 16. Be3 Bxe3 17. Rxe3 Ng5 18. Nxg5 Qxg5 19. Rd2 Bd7 20. Bb3 Rf4 21. b5 axb5
22. axb5 Na5 23. b6 Nxb3 24. Qxb3 Ra1+ 25. Nf1 Rxe4 26. Rxe4 Qxd2 27. bxc7 Qd3
28. Qxb7 Rxf1+ 29. Kh2 Kh7 30. Re3 Qc4 31. Rf3 Rd1 32. Qb2 Re1 33. Qb8 Rd1 34.
Qb2 Re1 35. Qb8 Re4 36. Rf8 Re2 37. Qd8 Qe6 38. Re8 Qf5 39. Rf8 Qe6 40. Re8 Qf5
41. Rf8 Qe6 1/2-1/2

[Event "BL 8990 Hofheim-Delmenhorst"]
[Site "?"]
[Date "1989.??.??"]
[Round "?.2"]
[White "Buchal, S."]
[Black "Hermann, Man"]
[Result "1-0"]
[WhiteElo "2335"]
[BlackElo "2360"]
[PlyCount "41"]
[EventDate "1989.??.??"]

1. g3 e5 2. Bg2 Nf6 3. e4 Bc5 4. Nc3 O-O 5. Nge2 Nc6 6. O-O a6 7. h3 Re8 8. d3
d6 9. Kh2 b5 10. f4 exf4 11. Nxf4 Bb7 12. Bd2 Rb8 13. Ncd5 Nxd5 14. exd5 Ne7
15. Bc3 Be3 16. Nh5 Bh6 17. Nf6+ gxf6 18. Bxf6 Qd7 19. Qh5 Bf8 20. Be4 h6 21.
Bh7+ 1-0

[Event "BL 8990 Hofheim-Delmenhorst"]
[Site "?"]
[Date "1989.??.??"]
[Round "?.3"]
[White "Borik, O."]
[Black "Troltenier, D."]
[Result "1-0"]
[WhiteElo "2355"]
[BlackElo "2300"]
[PlyCount "67"]
[EventDate "1989.??.??"]

1. g3 d5 2. Bg2 c5 3. c4 e6 4. Nf3 Nc6 5. O-O Nf6 6. cxd5 exd5 7. d4 Be7 8. Nc3
O-O 9. Bg5 cxd4 10. Nxd4 h6 11. Be3 Re8 12. Rc1 Bg4 13. h3 Be6 14. Nxe6 fxe6
15. Qa4 Nd7 16. Rfd1 Nb6 17. Qb3 Kh8 18. Nb5 Nc4 19. Bf4 Rc8 20. e4 N6a5 21.
Qc2 Rc5 22. Nc3 Nc6 23. exd5 Nb4 24. Qg6 exd5 25. Be4 dxe4 26. Rxd8 Rxd8 27.
Qf7 Bf8 28. Nxe4 Ne5 29. Qh5 Rxc1+ 30. Bxc1 Ned3 31. Be3 Nxb2 32. Ng5 Kg8 33.
Qf7+ Kh8 34. Ne6 1-0

[Event "BL 8990 Hofheim-Delmenhorst"]
[Site "?"]
[Date "1989.??.??"]
[Round "?.4"]
[White "Schmitzer, K."]
[Black "Schlemermeyer, W."]
[Result "0-1"]
[WhiteElo "2305"]
[BlackElo "2385"]
[PlyCount "124"]
[EventDate "1989.??.??"]

1. d4 Nf6 2. c4 d6 3. Nc3 e5 4. dxe5 dxe5 5. Qxd8+ Kxd8 6. Nf3 Nfd7 7. Ng5 Ke8
8. e3 Be7 9. h4 Na6 10. Bd2 Ndc5 11. Be2 c6 12. O-O-O Bf5 13. e4 Bd7 14. f4
exf4 15. Bxf4 h6 16. Nf3 Ne6 17. Bg3 Rd8 18. Ne5 g6 19. Rhf1 Rf8 20. h5 g5 21.
Nxd7 Rxd7 22. Rxd7 Kxd7 23. Bg4 Ke8 24. Kb1 Nac5 25. e5 a5 26. Bf5 Ng7 27. Bg4
Nge6 28. Re1 Bd8 29. Ne4 Nxe4 30. Rxe4 Bb6 31. Re2 Ke7 32. Bf2 Bxf2 33. Rxf2
Nf4 34. Kc2 Rd8 35. g3 Nd3 36. Re2 Nb4+ 37. Kc1 Rd4 38. Bf5 Rxc4+ 39. Kb1 Rd4
40. b3 Rd1+ 41. Kb2 Rd5 42. Kc3 Na6 43. a3 Nc5 44. g4 Ne6 45. Re1 Nd4 46. Bc8
b6 47. Re3 Ne6 48. b4 a4 49. Kb2 Rd2+ 50. Kc1 Rd5 51. Kb2 Rd2+ 52. Kc1 Rd4 53.
Rc3 c5 54. Bxe6 Kxe6 55. bxc5 bxc5 56. Rxc5 Rxg4 57. Rc6+ Kxe5 58. Rxh6 Rh4 59.
Kd2 f5 60. Ra6 Rh2+ 61. Ke1 g4 62. Rxa4 g3 0-1